| Tag |
First Indicator |
Second Indicator |
Subfields |
| LEADER |
00000cam a2200000 a 4500 |
| 001 |
in00000078021 |
| 005 |
20151008055117.0 |
| 008 |
811224s1979 enk 00110 engm |
| 010 |
|
|
|a 81467336
|z 79063881
|
| 015 |
|
|
|a GB***
|
| 020 |
|
|
|a 0500250677 :
|c 4.50
|
| 035 |
|
|
|a (OCoLC)08168814
|
| 035 |
|
|
|9 AAJ2578AM
|
| 040 |
|
|
|a DLC
|c DLC
|d m.c.
|d TXA
|d UtOrBLW
|
| 043 |
|
|
|a e------
|
| 049 |
|
|
|a TXAM
|c [1196110]
|
| 050 |
0 |
0 |
|a CB245
|b .B36
|
| 082 |
0 |
|
|a 909/.09821
|2 19
|
| 100 |
1 |
|
|a Barraclough, Geoffrey,
|d 1908-1984.
|
| 245 |
1 |
0 |
|a Turning points in world history /
|c Geoffrey Barraclough.
|
| 250 |
|
|
|a English language ed.
|
| 264 |
|
1 |
|a [London?] :
|b Thames and Hudson,
|c [1979]
|
| 264 |
|
4 |
|c ©1979
|
| 300 |
|
|
|a 90 pages ;
|c 21 cm.
|
| 336 |
|
|
|a text
|b txt
|2 rdacontent
|
| 337 |
|
|
|a unmediated
|b n
|2 rdamedia
|
| 338 |
|
|
|a volume
|b nc
|2 rdacarrier
|
| 500 |
|
|
|a "This book originates in a television series broadcast in Japan in 1974 and published in Tokyo in 1977 under the title Bunmei ni totte no henkaku-ki (Turning points in civilization)"
|
| 500 |
|
|
|a Includes index.
|
| 650 |
|
0 |
|a Civilization, Modern
|y 20th century.
|
| 651 |
|
0 |
|a Europe
|x Civilization.
|
| 999 |
|
|
|a MARS
|
| 999 |
f |
f |
|s 7d4819f3-c294-3ca1-8d0e-146f1bfc5efb
|i 3d0caadc-2449-31a7-8635-3dd5ab9c6e5b
|t 0
|
| 952 |
f |
f |
|p ric
|a Texas A&M University
|b Rellis Campus
|c Joint Library Facility
|d Remote Storage
|t 0
|e CB245 .B36
|h Library of Congress classification
|i unmediated -- volume
|m A14806093561
|
| 998 |
f |
f |
|a CB245 .B36
|t 0
|l Remote Storage
|